5 Biggest Cities by Continent on a Map - Statistics

General Stats
  • This quiz has been taken 121 times
  • The average score is 28 of 30
Answers on the Map
Answers color-coded by a green-red scale on the quiz's map according to % correct below.
 
Answer Stats
Hints
Answer
% Correct
15.1 m London
98%
17.1 m Los Angeles
98%
6.8 m Madrid
98%
25.4 m Mexico City
98%
18.8 m Moscow
98%
21.8 m New York City
98%
11.5 m Paris
98%
41.6 m Tokyo
98%
16 m Istanbul
97%
16.8 m Buenos Aires
96%
22.8 m Cairo
96%
13.6 m Rio de Janeiro
96%
9.6 m Chicago
95%
35.7 m Delhi
95%
29.5 m Jakarta
94%
5.1 m Sydney
94%
8.6 m Washington D.C. / Baltimore
94%
14.8 m Johannesburg
93%
12 m Lima
93%
22.6 m São Paulo
93%
42.6 m Shanghai
93%
10.6 m Bogota
92%
5.2 m Melbourne
92%
2.4 m Perth
92%
72.7 m Guangzhou /Shenzhen
89%
21.3 m Lagos
89%
2.7 m Brisbane
86%
16.3 m Kinshasa
86%
1.4 m Adelaide
84%
9.65 m Luanda
80%
No matching quizzes found
Score Distribution
Percent of People with Each Score
Percentile by Number Answered
Your Score History
You have not taken this quiz